Evaluación organizacional del Instituto de Investigación de Recursos Biológicos "Alexander von Humboldt" 1995-2007 (Registro nro. 7675)
[ vista simple ]
| 000 -CABECERA | |
|---|---|
| Campo de control | 01234nam a22002537a 4500 |
| 005 - FECHA Y HORA DE LA ULTIMA TRANSACCION | |
| Campo de control | 20160829161502.0 |
| 008 - ELEMENTOS DE LONGITUD FIJA—INFORMACION GENERAL | |
| Campo de control | 130925b2007 ck ||||grm||| 00| 0 spa d |
| 040 ## - FUENTE DE CATALOGACIÓN | |
| Agencia catalogadora original | CO-BoIAVH |
| Agencia transcriptora | CO-BoIAVH |
| 041 ## - IDIOMA | |
| Código de idioma para texto/pista de sonido o título separado | Español |
| 044 ## - PAÍS DE PUBLICACIÓN | |
| País de publicación | Colombia |
| 090 ## - CLASIFICACIÓN LOCAL | |
| Colección | TE |
| Consecutivo | 0185 |
| 100 10 - ASIENTO PRINCIPAL--NOMBRE PERSONAL | |
| Nombre personal | García-Giraldo, Olga Lucía |
| 9 (RLIN) | 2115 |
| 245 10 - MENCION DE TITULO | |
| Título | Evaluación organizacional del Instituto de Investigación de Recursos Biológicos "Alexander von Humboldt" 1995-2007 |
| Parte restante del título | García-Giraldo, Olga Lucía y Zamora-Santacruz, Nora Elizabeth |
| 260 ## - PUBLICACION, DISTRIBUCION, ETC. (PIE DE IMPRENTA) | |
| Lugar de publicación, distribución, etc. | Bogotá |
| Nombre del editor, distribuidor, etc. | Universidad de Los Andes, Facultad de Administración |
| Fecha de publicación, distribución, etc. | 2007 |
| 300 ## - DESCRIPCION FISICA | |
| Extensión | 176 Paginas |
| Dimensiones | 28 cm. |
| 500 ## - NOTA GENERAL | |
| Nota general | Trabajo de Grado para optar el título de Magister en Administración con énfasis en gestión pública. Copia impresa solo para consulta en sala. |
| 504 ## - NOTA DE BIBLIOGRAFIA, ETC. | |
| Nota de bibliografía | Incluye referencias bibliográficas y anexos |
| 610 ## - ASIENTO SECUNDARIO DE MATERIA - NOMBRE CORPORATIVO | |
| Nombre corporativo o nombre de la jurisdicción como elemento de entrad | Instituto de Investigación de Recursos Biológicos Alexander von Humboldt (Colombia) |
| Subdivisión general | Administración |
| 9 (RLIN) | 75588 |
| 650 ## - ASIENTO SECUNDARIO DE MATERIA - TERMINO TEMATICO | |
| Término temático o nombre geográfico como elemento de entrada | Sociedades científicas |
| Subdivisión de forma | Estudio de casos |
| Subdivisión general | Administración |
| 9 (RLIN) | 75589 |
| 650 14 - ASIENTO SECUNDARIO DE MATERIA - TERMINO TEMATICO | |
| Término temático o nombre geográfico como elemento de entrada | Planificación estratégica |
| Subdivisión de forma | Estudio de casos |
| 9 (RLIN) | 75590 |
| 650 14 - ASIENTO SECUNDARIO DE MATERIA - TERMINO TEMATICO | |
| Término temático o nombre geográfico como elemento de entrada | Metodología y fuentes |
| 9 (RLIN) | 75475 |
| 650 14 - ASIENTO SECUNDARIO DE MATERIA - TERMINO TEMATICO | |
| Término temático o nombre geográfico como elemento de entrada | Origen del Instituto Humboldt |
| 9 (RLIN) | 75476 |
| 942 ## - ELEMENTOS ADICIONALES (KOHA) | |
| Sistema de clasificación | Local |
| Tipo de ítem | Tesis |
| Withdrawn status | Lost status | Sistema de Clasificación | Damaged status | No para préstamo | Colección | Inventariado | Ubicación Permanente | Ubicación actual | Fecha de adquisición | Total Checkouts | Número topográfico | Inventario / Código de Barras | Date last seen | Ejemplar | Price effective from | Forma de adquisición | Tipo de material | Public note |
|---|---|---|---|---|---|---|---|---|---|---|---|---|---|---|---|---|---|---|
| Local | Tesis | Inventariado 2017 | Bogotá | Bogotá | 25/09/2013 | TE-0185 | 058491 | 25/09/2013 | Ej. 1 | 25/09/2013 | Donación | Tesis | Disponible solo para consulta en sala |